Normal view
MARC view
Entry Personal Name
001 - CONTROL NUMBER
- control field: 21976
003 - CONTROL NUMBER IDENTIFIER
- control field: ARRUPE
005 - DATE AND TIME OF LATEST TRANSACTION
- control field: 20160203142919.0
008 - FIXED-LENGTH DATA ELEMENTS
- fixed length control field: 160203|| aca||aabn | a|a d
040 ## - CATALOGING SOURCE
- Original cataloging agency: ARRUPE
- Transcribing agency: ARRUPE
100 ## - HEADING--PERSONAL NAME
- Personal name: Don, Charles Davidson,
- Dates associated with a name: 1874-1959.
670 ## - SOURCE DATA FOUND
- Source citation: Work cat.: (ARRUPE)0: Don, Charles Davidson, 1874-1959., And having writ :, 1942.